00502nam a22001577a 450000500170000001000150001702000260003203500140005803700130007208200110008510000160009624500830011226000500019527000750024530000240032020220801172547.0 aENG-134130 a9788123421025c160.00 aEN-117662 bDBAB/PUB a181.49 aKanitha, S. aA Comparative Study of William Wordsworth & Subramania Bharati/cby S. Kanitha aChennaibNew Century Book House (P) Ltdc2012 a41-B, SIDCO Industrial Estate, AmbatturbChennaie600098minfo@ncbh.in av, 330p.c21cm(pbk)